<?xml version="1.0" encoding="UTF-8"?>
<record
    xmlns:xsi="http://www.w3.org/2001/XMLSchema-instance"
    xsi:schemaLocation="http://www.loc.gov/MARC21/slim http://www.loc.gov/standards/marcxml/schema/MARC21slim.xsd"
    xmlns="http://www.loc.gov/MARC21/slim">

  <leader>00411nam a2200169Ia 4500</leader>
  <controlfield tag="008">220524s9999    xx            000 0 und d</controlfield>
  <datafield tag="020" ind1=" " ind2=" ">
    <subfield code="a">8190259423</subfield>
  </datafield>
  <datafield tag="041" ind1=" " ind2=" ">
    <subfield code="a">eng</subfield>
  </datafield>
  <datafield tag="082" ind1=" " ind2=" ">
    <subfield code="a">746.1</subfield>
  </datafield>
  <datafield tag="100" ind1=" " ind2=" ">
    <subfield code="a">Dedia Ella.</subfield>
    <subfield code="9">7654</subfield>
  </datafield>
  <datafield tag="245" ind1=" " ind2=" ">
    <subfield code="a">Ajrakh : Impressions And Expressions</subfield>
  </datafield>
  <datafield tag="260" ind1=" " ind2=" ">
    <subfield code="b">Colour Publications Pvt. Ltd.-Mumbai</subfield>
    <subfield code="c">2008</subfield>
  </datafield>
  <datafield tag="300" ind1=" " ind2=" ">
    <subfield code="a">96</subfield>
  </datafield>
  <datafield tag="650" ind1=" " ind2=" ">
    <subfield code="a">Dyeing</subfield>
    <subfield code="9">7655</subfield>
  </datafield>
  <datafield tag="906" ind1=" " ind2=" ">
    <subfield code="a">1238</subfield>
  </datafield>
  <datafield tag="999" ind1=" " ind2=" ">
    <subfield code="c">7463</subfield>
    <subfield code="d">7463</subfield>
  </datafield>
  <datafield tag="952" ind1=" " ind2=" ">
    <subfield code="0">0</subfield>
    <subfield code="1">0</subfield>
    <subfield code="2">ddc</subfield>
    <subfield code="4">0</subfield>
    <subfield code="7">0</subfield>
    <subfield code="a">SOFT</subfield>
    <subfield code="b">SOFT</subfield>
    <subfield code="d">2003-02-07</subfield>
    <subfield code="e">Pankaj Pub. Int</subfield>
    <subfield code="g">2500.00</subfield>
    <subfield code="l">9</subfield>
    <subfield code="o">746.1 DED</subfield>
    <subfield code="p">SOFT-BK-3059</subfield>
    <subfield code="r">2025-12-09 15:51:33</subfield>
    <subfield code="s">2025-12-03</subfield>
    <subfield code="v">1500.00</subfield>
    <subfield code="w">2022-07-08</subfield>
    <subfield code="y">BK</subfield>
    <subfield code="z">003059</subfield>
  </datafield>
  <datafield tag="952" ind1=" " ind2=" ">
    <subfield code="0">0</subfield>
    <subfield code="1">0</subfield>
    <subfield code="2">ddc</subfield>
    <subfield code="4">0</subfield>
    <subfield code="7">0</subfield>
    <subfield code="a">SOFT</subfield>
    <subfield code="b">SOFT</subfield>
    <subfield code="d">2003-02-08</subfield>
    <subfield code="e">Pankaj Pub. Int</subfield>
    <subfield code="g">2500.00</subfield>
    <subfield code="o">746.1 DED</subfield>
    <subfield code="p">SOFT-BK-3060</subfield>
    <subfield code="r">2022-07-08 00:00:00</subfield>
    <subfield code="v">1500.00</subfield>
    <subfield code="w">2022-07-08</subfield>
    <subfield code="y">BK</subfield>
    <subfield code="z">003060</subfield>
  </datafield>
  <datafield tag="952" ind1=" " ind2=" ">
    <subfield code="0">0</subfield>
    <subfield code="1">0</subfield>
    <subfield code="2">ddc</subfield>
    <subfield code="4">0</subfield>
    <subfield code="7">0</subfield>
    <subfield code="a">SOFT</subfield>
    <subfield code="b">SOFT</subfield>
    <subfield code="d">2025-05-09</subfield>
    <subfield code="e">Mallika Dabhade Samant</subfield>
    <subfield code="g">2500.00</subfield>
    <subfield code="l">1</subfield>
    <subfield code="o">746.1 DED</subfield>
    <subfield code="p">SOFT-BK-D231</subfield>
    <subfield code="r">2025-12-08 13:12:08</subfield>
    <subfield code="s">2025-12-01</subfield>
    <subfield code="v">2500.00</subfield>
    <subfield code="w">2025-05-27</subfield>
    <subfield code="y">DB</subfield>
  </datafield>
</record>
